000 01041cam a2200313 i 4500
999 _c31025
_d31025
001 31025
003 Mx-PuUPA
005 20200716160006.0
008 140415s2009 mx a gr 001 0 spa d
020 _a9786074380941
040 _cMx-PuUPA
_aMx-PuUPA
_bspa
_dMx-PuUPA
_erda
041 0 _aspa
100 1 _aBaéz Casillas, Sixto,
_eautor
_98878
245 1 0 _aHotelería /
_cSixto Báez Casillas
250 _a4a edición
264 4 _aMéxico, D.F. :
_bGrupo Editorial Patria,
_c©2009
300 _axiv, 320 páginas :
_bilustraciones, tablas ;
_c26 cm
336 _atexto
_2rdacontent
_btxt
337 _asin medio
_2rdamedia
_bn
338 _avolumen
_2rdacarrier
_bnc
545 _aReimpresión: (octava, 2019)
545 _aReimpresión: (novena, 2020)
650 4 _aAdministración hotelera
_vManuales
650 4 _aAdministración hotelera
942 _2ddc
_cLI
_h647.9401
_iB139